[Event "NAYCC U14"]
[Site "Windsor CAN"]
[Date "2016.08.08"]
[Round "2.56"]
[White "Wang, Ricky"]
[Black "Chen, Jacob"]
[Result "1-0"]
[WhiteElo "1807"]
[BlackElo "2011"]
[PlyCount "77"]
[EventDate "2016.08.07"]
[EventType "swiss"]
[EventRounds "9"]
[EventCountry "CAN"]

1. e4 e5 2. Nf3 Nc6 3. Bc4 Bc5 4. c3 Nf6 5. d3 O-O 6. O-O d5 7. exd5 Nxd5 8. a4
Bg4 9. Nbd2 Be7 10. Ne4 Kh8 11. h3 Bh5 12. Ng3 Bg6 13. Re1 f6 14. Nh4 f5 15.
Nxg6+ hxg6 16. Qf3 Nf6 17. b4 Bd6 18. a5 a6 19. Bg5 Qe7 20. h4 f4 21. Ne4 Qd7
22. b5 Ne7 23. bxa6 Nxe4 24. axb7 Ra7 25. Qxe4 c6 26. Bxe7 Qxe7 27. Qxg6 Rf6
28. Qg4 Rxb7 29. Qc8+ Rf8 30. Qxc6 f3 31. g3 Rc7 32. Qd5 Qd7 33. Qe6 Qxe6 34.
Bxe6 Rxc3 35. a6 Ra8 36. Bd5 Ra7 37. Re3 Bc5 38. Rxe5 Rc2 39. Rh5# 1-0

[Event "NAYCC U14"]
[Site "Windsor CAN"]
[Date "2016.08.08"]
[Round "2.57"]
[White "Ling, Evan"]
[Black "Cai, Jason"]
[Result "0-1"]
[WhiteElo "1776"]
[BlackElo "1997"]
[PlyCount "64"]
[EventDate "2016.08.07"]
[EventType "swiss"]
[EventRounds "9"]
[EventCountry "CAN"]

1. e4 e6 2. d4 d5 3. Nc3 Bb4 4. e5 c5 5. Bd2 Ne7 6. Nb5 Bxd2+ 7. Qxd2 O-O 8. f4
Qb6 9. a4 c4 10. Qc3 Nbc6 11. Nf3 f6 12. Be2 fxe5 13. fxe5 Bd7 14. b3 cxb3 15.
a5 Qd8 16. cxb3 Nf5 17. Bd3 Nh4 18. O-O Nxf3+ 19. Rxf3 Rxf3 20. gxf3 Qg5+ 21.
Kh1 Qf4 22. Rf1 Rf8 23. Qc2 Nxd4 24. Nxd4 Qxd4 25. Bxh7+ Kh8 26. Re1 Rxf3 27.
Bg6 Bc6 28. Qc1 Qh4 29. Re2 d4 30. Kg1 Qg4+ 31. Rg2 Qxg2+ 32. Kxg2 Rc3+ 0-1

[Event "NAYCC U14"]
[Site "Windsor CAN"]
[Date "2016.08.08"]
[Round "2.58"]
[White "Yie, Kevin"]
[Black "Chin, Jonathan"]
[Result "1-0"]
[WhiteElo "1760"]
[BlackElo "1985"]
[PlyCount "79"]
[EventDate "2016.08.07"]
[EventType "swiss"]
[EventRounds "9"]
[EventCountry "CAN"]

1. Nf3 c5 2. c3 Nc6 3. d4 cxd4 4. cxd4 d5 5. Nc3 Nf6 6. g3 e6 7. Bg2 Bd6 8. a3
O-O 9. O-O Bd7 10. b4 Rc8 11. Bb2 Ne7 12. Na4 Bb5 13. Nc5 b6 14. Nb7 Qd7 15.
Nxd6 Qxd6 16. a4 Bc4 17. b5 Qb8 18. Ne5 Rfe8 19. Ba3 Qb7 20. Rc1 Qc7 21. Re1
Qd8 22. Qd2 Nd7 23. Bxe7 Qxe7 24. Nc6 Qf6 25. e4 Ra8 26. Qb4 Nf8 27. Rc3 Qg6
28. exd5 Bxd5 29. Bxd5 exd5 30. Ne7+ Rxe7 31. Qxe7 a6 32. Qb7 Rd8 33. bxa6 Rd7
34. Qxd7 Nxd7 35. a7 h5 36. a8=Q+ Kh7 37. Qxd5 Nf6 38. Qf3 h4 39. Qd3 hxg3 40.
Qxg6+ 1-0

[Event "NAYCC U14"]
[Site "Windsor CAN"]
[Date "2016.08.08"]
[Round "2.59"]
[White "Zhang, Henry"]
[Black "Gaisinsky, Adam"]
[Result "1-0"]
[WhiteElo "1957"]
[BlackElo "1721"]
[PlyCount "133"]
[EventDate "2016.08.07"]
[EventType "swiss"]
[EventRounds "9"]
[EventCountry "CAN"]

1. e4 c6 2. d4 d5 3. exd5 cxd5 4. Bd3 Nc6 5. c3 Qc7 6. Ne2 Bg4 7. O-O Nf6 8.
Qc2 e5 9. dxe5 Nxe5 10. Bb5+ Bd7 11. Bxd7+ Nfxd7 12. Rd1 Bd6 13. Rxd5 Nf6 14.
Rd1 O-O-O 15. Qa4 Bc5 16. Bf4 Rxd1+ 17. Qxd1 Rd8 18. Qc2 Qd7 19. Nd2 Nd3 20.
Be3 Bxe3 21. fxe3 Qe6 22. Nf1 Ng4 23. Nd4 Qe4 24. Rd1 Nge5 25. Qe2 Nc5 26. Ng3
Qg6 27. Ngf5 Qg5 28. b4 Ne4 29. Qc2 Nd6 30. Ne6 fxe6 31. Nxd6+ Kb8 32. Qe4 Rd7
33. Rd4 Nc6 34. Rd3 Qe7 35. Nc4 Rxd3 36. Qxd3 e5 37. Qd6+ Qxd6 38. Nxd6 Ne7 39.
e4 g6 40. Nc4 Ng8 41. Kf2 Nf6 42. Kf3 Nd7 43. Kg4 Nf6+ 44. Kf3 Nd7 45. Ne3 Kc7
46. Nd5+ Kd6 47. Kg4 h6 48. h4 Ke6 49. h5 g5 50. Nc7+ Kf6 51. Ne8+ Ke7 52. Ng7
Nf6+ 53. Kf3 Kf7 54. Nf5 Nxh5 55. Nxh6+ Kg6 56. Ng4 Nf4 57. Nxe5+ Kf6 58. Nc4
Ke6 59. g3 Nd3 60. Ke2 Nc1+ 61. Kd2 Nxa2 62. Kc2 b5 63. Nd2 a5 64. bxa5 b4 65.
cxb4 Nxb4+ 66. Kb3 Nd3 67. Kc4 1-0

[Event "NAYCC U14"]
[Site "Windsor CAN"]
[Date "2016.08.08"]
[Round "2.60"]
[White "Uthayakumar, Ronan"]
[Black "Bu, Kevin"]
[Result "1/2-1/2"]
[WhiteElo "1541"]
[BlackElo "1948"]
[PlyCount "64"]
[EventDate "2016.08.07"]
[EventType "swiss"]
[EventRounds "9"]
[EventCountry "CAN"]

1. e4 Nf6 2. e5 Nd5 3. d4 d6 4. Nf3 Bg4 5. Be2 Nc6 6. exd6 exd6 7. h3 Bh5 8.
O-O Be7 9. c4 Nb6 10. Nc3 O-O 11. b3 Bf6 12. Be3 Re8 13. Re1 h6 14. a4 a5 15.
Qd2 d5 16. c5 Nc8 17. Nb5 N8e7 18. Bf4 Rc8 19. Ne5 Bxe2 20. Rxe2 Nf5 21. Rae1
Nb4 22. Nd3 Rxe2 23. Rxe2 Nc6 24. Ne5 Nb4 25. g4 Nh4 26. Qc3 Bxe5 27. Bxe5 Ng6
28. Qg3 Na6 29. Na7 Ra8 30. Nb5 Rc8 31. Qf3 Nh4 32. Qg3 Ng6 1/2-1/2

[Event "NAYCC U14"]
[Site "Windsor CAN"]
[Date "2016.08.08"]
[Round "2.61"]
[White "Liu, Aristo"]
[Black "Singireddy, Sathvik"]
[Result "1-0"]
[WhiteElo "1914"]
[BlackElo "1530"]
[PlyCount "153"]
[EventDate "2016.08.07"]
[EventType "swiss"]
[EventRounds "9"]
[EventCountry "CAN"]

1. e4 c5 2. c3 e6 3. d4 d5 4. e5 Nc6 5. Nf3 Nge7 6. Na3 a6 7. Be2 Nf5 8. Nc2
Bd7 9. O-O Be7 10. h3 O-O 11. Re1 Qc7 12. Bf1 Rfc8 13. g4 Nh4 14. Nxh4 Bxh4 15.
g5 cxd4 16. cxd4 Nxe5 17. dxe5 Qxc2 18. Qd4 Bxf2+ 19. Qxf2 Qg6 20. Qf3 Bb5 21.
h4 h5 22. Bd2 Bxf1 23. Rxf1 Rc4 24. Qf2 Rc2 25. Rac1 Rac8 26. Qf4 R8c6 27. Rxc2
Rxc2 28. Bc3 Re2 29. Re1 Rxe1+ 30. Bxe1 Qb1 31. Qb4 Qxa2 32. Bd2 Qb1+ 33. Kf2
Qf5+ 34. Qf4 Qd3 35. Qe3 Qf5+ 36. Ke1 Qb1+ 37. Bc1 d4 38. Qf4 d3 39. Qc4 b5 40.
Qc6 b4 41. Kd2 Qa2 42. Qe8+ Kh7 43. Qxf7 Qb1 44. g6+ Kh6 45. Kd1+ d2 46. Kxd2
Qxg6 47. Qxg6+ Kxg6 48. Kd3 Kf5 49. Kd4 Kg4 50. Bg5 Kf5 51. b3 a5 52. Be7 Kf4
53. Bf6 g5 54. Bxg5+ Kf3 55. Kc5 Ke4 56. Bf6 Kd3 57. Kb5 Kc3 58. Ka4 Kb2 59.
Bd8 Kc3 60. Bxa5 Kd4 61. Bc7 Kd5 62. Kxb4 Kc6 63. Bd8 Kd7 64. Bf6 Kc6 65. Ka5
Kb7 66. Kb5 Kc8 67. Kb6 Kb8 68. b4 Kc8 69. b5 Kb8 70. Kc6 Kc8 71. b6 Kb8 72.
Be7 Ka8 73. b7+ Ka7 74. Bc5+ Kb8 75. Bd6+ Ka7 76. b8=Q+ Ka6 77. Qb6# 1-0

[Event "NAYCC U14"]
[Site "Windsor CAN"]
[Date "2016.08.08"]
[Round "2.62"]
[White "Zaid, Shahmeer"]
[Black "Nakada, Akira"]
[Result "0-1"]
[WhiteElo "820"]
[BlackElo "1904"]
[PlyCount "58"]
[EventDate "2016.08.07"]
[EventType "swiss"]
[EventRounds "9"]
[EventCountry "CAN"]

1. e4 e6 2. d4 d5 3. exd5 exd5 4. Nf3 Bd6 5. g3 Nf6 6. Bg2 O-O 7. O-O Bf5 8.
Re1 Nbd7 9. Be3 c6 10. Nbd2 a5 11. c4 Bd3 12. c5 Bc7 13. a4 h6 14. Nb1 Bh7 15.
Nc3 b6 16. cxb6 Nxb6 17. Ne5 Bxe5 18. dxe5 Nfd7 19. Rc1 Nc4 20. Ra1 Ndxe5 21.
Qd4 Nd3 22. Re2 Ndxb2 23. Ra2 Nd3 24. f4 Nb4 25. Ra1 Nc2 26. Rxc2 Bxc2 27. Rc1
Re8 28. Nd1 Bxd1 29. Rxd1 Nxe3 0-1

[Event "NAYCC U14"]
[Site "Windsor CAN"]
[Date "2016.08.08"]
[Round "2.63"]
[White "Jasniewicz, Adam"]
[Black "Pulfer, Luke"]
[Result "0-1"]
[WhiteElo "807"]
[BlackElo "1868"]
[PlyCount "64"]
[EventDate "2016.08.07"]
[EventType "swiss"]
[EventRounds "9"]
[EventCountry "CAN"]

1. d4 d5 2. Nf3 e6 3. Bf4 Nf6 4. e3 Be7 5. Bd3 Nbd7 6. c3 b6 7. Nbd2 Bb7 8. Qc2
c5 9. Qa4 O-O 10. O-O Nh5 11. Be5 f6 12. Bf4 Nxf4 13. exf4 Bd6 14. g3 c4 15.
Bb1 Re8 16. Qc2 Nf8 17. Re1 b5 18. a3 a5 19. f5 e5 20. g4 Rb8 21. b4 Qc7 22.
Nf1 h6 23. dxe5 fxe5 24. g5 d4 25. f6 Bxf3 26. Qf5 Bd5 27. cxd4 g6 28. Qg4 h5
29. Qd1 exd4 30. Rxe8 Rxe8 31. Qxd4 Bf7 32. Bc2 Be5 0-1

[Event "NAYCC U14"]
[Site "Windsor CAN"]
[Date "2016.08.08"]
[Round "2.64"]
[White "Feng, Richard"]
[Black "Hou, Frank"]
[Result "1-0"]
[WhiteElo "1679"]
[BlackElo "1295"]
[PlyCount "59"]
[EventDate "2016.08.07"]
[EventType "swiss"]
[EventRounds "9"]
[EventCountry "CAN"]

1. e4 e5 2. Nf3 Nc6 3. Bc4 Bc5 4. c3 Nf6 5. d4 exd4 6. cxd4 Bb4+ 7. Nc3 Bxc3+
8. bxc3 O-O 9. e5 Ne4 10. Qc2 d5 11. O-O h6 12. Re1 f5 13. exf6 Nxf6 14. Bb3
Re8 15. Bd2 Ne7 16. Nh4 g5 17. Ng6 Kg7 18. Ne5 Bf5 19. Qc1 Ne4 20. f3 Nxd2 21.
Qxd2 c6 22. Bc2 Qc8 23. Re2 Ng6 24. Rae1 Nxe5 25. Rxe5 Rxe5 26. Rxe5 Bxc2 27.
Qxc2 Kf6 28. Qh7 h5 29. Qe7+ Kg6 30. Rxg5+ 1-0

[Event "NAYCC U14"]
[Site "Windsor CAN"]
[Date "2016.08.08"]
[Round "2.65"]
[White "Liang, Hairan"]
[Black "Shlionsky, Aaron"]
[Result "0-1"]
[WhiteElo "2002"]
[BlackElo "2204"]
[PlyCount "98"]
[EventDate "2016.08.07"]
[EventType "swiss"]
[EventRounds "9"]
[EventCountry "CAN"]

1. e4 e5 2. Nf3 Nc6 3. d4 exd4 4. Nxd4 Bc5 5. Be3 Qf6 6. c3 Nge7 7. Bc4 Ne5 8.
Be2 Qg6 9. O-O d6 10. f3 O-O 11. Kh1 d5 12. Nd2 dxe4 13. fxe4 Bg4 14. Nf5 Bxe2
15. Qxe2 Bd6 16. Nc4 Nxf5 17. exf5 Qg4 18. Qxg4 Nxg4 19. Bd4 Nxh2 20. Rfe1 Ng4
21. Nxd6 cxd6 22. Re7 b6 23. Rae1 f6 24. Rd7 Rfd8 25. Ree7 Rxd7 26. Rxd7 Nh6
27. Rxd6 Nxf5 28. Rd7 Kf8 29. g4 Nxd4 30. cxd4 a5 31. d5 Re8 32. d6 Re6 33. Kg2
h6 34. Kf3 g5 35. Rh7 Rxd6 36. Rxh6 Kf7 37. Rh2 Rd3+ 38. Ke2 Rg3 39. Rh7+ Ke6
40. Kf2 Rxg4 41. Rb7 Rb4 42. b3 Kf5 43. Kg3 Ke5 44. Re7+ Kd6 45. Re8 a4 46.
bxa4 Rxa4 47. Rb8 Rb4 48. Rf8 Ke6 49. Re8+ Kf5 0-1

[Event "NAYCC U14"]
[Site "Windsor CAN"]
[Date "2016.08.08"]
[Round "2.66"]
[White "Baker, Vincent"]
[Black "Wilson, Kameron"]
[Result "0-1"]
[WhiteElo "1994"]
[BlackElo "1439"]
[PlyCount "96"]
[EventDate "2016.08.07"]
[EventType "swiss"]
[EventRounds "9"]
[EventCountry "CAN"]

1. e4 e6 2. d4 d5 3. Nc3 Nf6 4. Bg5 Be7 5. e5 Nfd7 6. Bxe7 Qxe7 7. f4 a6 8. Nf3
c5 9. Be2 c4 10. f5 b5 11. a3 Bb7 12. O-O exf5 13. Qe1 Nf8 14. Nh4 g6 15. Qg3
Ne6 16. Rad1 Bc6 17. Bf3 Qd8 18. Qf2 a5 19. g4 f4 20. Bh1 Ra7 21. Ne2 h5 22.
Ng2 f3 23. Qxf3 Ng5 24. Qg3 hxg4 25. Ngf4 Nh3+ 26. Nxh3 Rxh3 27. Qxg4 Bd7 28.
Qf4 Bf5 29. Ng3 Rh4 30. Qf2 Bh3 31. Rfe1 Qg5 32. Bxd5 Rf4 33. Qd2 Rd7 34. Bg2
Rdxd4 35. Qxa5 Bxg2 36. Kxg2 Nd7 37. Qxb5 Qg4 38. Rxd4 Rxd4 39. Qc6 Rd2+ 40.
Kg1 Qd4+ 41. Kh1 Qf2 42. Ne2 Qxe1+ 43. Kg2 Qxe2+ 44. Kg3 Qxe5+ 45. Kg4 f5+ 46.
Kg5 Qf6+ 47. Qxf6 Nxf6 48. Kxf6 f4 0-1

[Event "NAYCC U14"]
[Site "Windsor CAN"]
[Date "2016.08.08"]
[Round "2.67"]
[White "Dill, James"]
[Black "Tamayo, Santiago"]
[Result "1-0"]
[WhiteElo "1870"]
[BlackElo "1386"]
[PlyCount "91"]
[EventDate "2016.08.07"]
[EventType "swiss"]
[EventRounds "9"]
[EventCountry "CAN"]

1. e4 c5 2. c3 e6 3. d4 d5 4. e5 Nc6 5. Nf3 Qb6 6. a3 c4 7. Nbd2 Bd7 8. g3 Be7
9. Bh3 f6 10. Qe2 f5 11. O-O g5 12. Nxg5 Bxg5 13. Qh5+ Kf8 14. Qxg5 h6 15. Qe3
Nge7 16. Qe2 Kg7 17. f4 Ng6 18. Kh1 h5 19. Qe3 Raf8 20. Nf3 Nd8 21. Ng5 Nf7 22.
Nxf7 Rxf7 23. Kg1 Kf8 24. Kf2 Qd8 25. Ke2 Ne7 26. Bd2 Qb6 27. Rab1 Qb3 28. Rfc1
b6 29. Be1 Ba4 30. Bf2 Ng8 31. Bf1 Nh6 32. h3 Ng8 33. Kd2 Ne7 34. Be2 Ng6 35.
Bd1 Qb5 36. Bxa4 Qxa4 37. Rg1 Ke7 38. Qf3 b5 39. Qd1 a5 40. Ke3 Qxd1 41. Rbxd1
a4 42. Rh1 Rhh7 43. Rhg1 h4 44. gxh4 Nxh4 45. Rg5 Kd7 46. Rdg1 1-0

[Event "NAYCC U14"]
[Site "Windsor CAN"]
[Date "2016.08.08"]
[Round "2.68"]
[White "Gaur, Shivan"]
[Black "Zhang, Zhehai"]
[Result "0-1"]
[WhiteElo "1294"]
[BlackElo "1678"]
[PlyCount "84"]
[EventDate "2016.08.07"]
[EventType "swiss"]
[EventRounds "9"]
[EventCountry "CAN"]

1. d4 d5 2. c4 c6 3. Nf3 Nf6 4. e3 Bg4 5. h3 Bh5 6. g4 Bg6 7. Nh4 Bxb1 8. Rxb1
Qa5+ 9. Bd2 Qxa2 10. c5 Ne4 11. Qc1 Nxd2 12. Ra1 Nb3 13. Rxa2 Nxc1 14. Ra3 e5
15. Kd2 Nd7 16. Kxc1 g6 17. Nf3 Bg7 18. b4 O-O 19. h4 b6 20. Ra6 Rfe8 21. Rg1
exd4 22. exd4 Re4 23. Bd3 Rf4 24. Rg3 Bxd4 25. Nxd4 Rxd4 26. b5 Nxc5 27. Ra3
Nxd3+ 28. Raxd3 Rxd3 29. Rxd3 cxb5 30. Rxd5 a6 31. Rd6 Rb8 32. Rd5 b4 33. Kb2
a5 34. Rb5 Kg7 35. g5 Rb7 36. Kb3 f6 37. f4 fxg5 38. fxg5 Kf7 39. Kc4 Rc7+ 40.
Kb3 Rc3+ 41. Kb2 Rc6 42. Kb3 Ke6 0-1

[Event "NAYCC U14"]
[Site "Windsor CAN"]
[Date "2016.08.08"]
[Round "2.69"]
[White "Hawthorn, Charles"]
[Black "Jeyakumar, Yathushan"]
[Result "1-0"]
[WhiteElo "1666"]
[BlackElo "1216"]
[PlyCount "107"]
[EventDate "2016.08.07"]
[EventType "swiss"]
[EventRounds "9"]
[EventCountry "CAN"]

1. d4 Nf6 2. c4 g6 3. Nc3 Bg7 4. e4 d6 5. h3 O-O 6. Bg5 e5 7. dxe5 dxe5 8. Qxd8
Rxd8 9. Bxf6 Bxf6 10. Nd5 Nd7 11. Nxc7 Rb8 12. Nd5 Kg7 13. Nf3 Nc5 14. Nc3 Be6
15. Be2 Nd3+ 16. Bxd3 Rxd3 17. Nd5 Bxd5 18. cxd5 Rxf3 19. gxf3 Be7 20. a3 Bd6
21. Kd2 f5 22. Rac1 f4 23. Rc4 Kf6 24. h4 h6 25. h5 g5 26. Rhc1 Ke7 27. Rc8 Kd7
28. Rxb8 Bxb8 29. Kd3 Bc7 30. Rc4 Bb6 31. Ke2 Kd6 32. Rc8 Ke7 33. Rh8 Bd4 34.
Rh7+ Kf6 35. Rxb7 Bc5 36. Rh7 Bd4 37. Rxh6+ Kg7 38. Rg6+ Kh7 39. b4 Bb2 40. a4
Bc3 41. b5 Bd4 42. Rxg5 Kh6 43. Rf5 Kg7 44. Kd3 Kh6 45. Rxf4 exf4 46. Kxd4 Kxh5
47. d6 Kg6 48. d7 Kg5 49. d8=Q+ Kg6 50. Ke5 Kf7 51. Qf6+ Kg8 52. Qe7 a6 53. Kf6
axb5 54. Qg7# 1-0

[Event "NAYCC U14"]
[Site "Windsor CAN"]
[Date "2016.08.08"]
[Round "2.70"]
[White "Harichandrabose, Vicknan"]
[Black "Li, Eric M"]
[Result "1/2-1/2"]
[WhiteElo "1210"]
[BlackElo "1658"]
[PlyCount "124"]
[EventDate "2016.08.07"]
[EventType "swiss"]
[EventRounds "9"]
[EventCountry "CAN"]

1. e4 c5 2. c3 d5 3. exd5 Qxd5 4. d4 Nc6 5. Nf3 e5 6. dxe5 Qxd1+ 7. Kxd1 Bg4 8.
Nbd2 Nxe5 9. Bb5+ Nc6 10. Re1+ Nge7 11. Re2 O-O-O 12. Ke1 a6 13. Bc4 f6 14. h3
Bh5 15. Re3 Nd5 16. Rd3 Re8+ 17. Kf1 Nb6 18. Bb3 Bg6 19. Re3 Rxe3 20. fxe3 Bd6
21. Nc4 Bc7 22. Nxb6+ Bxb6 23. Be6+ Kb8 24. c4 Re8 25. Bd7 Re7 26. Bxc6 bxc6
27. Bd2 Bd3+ 28. Kf2 Bxc4 29. a3 Bd5 30. b4 Kc7 31. Rb1 Bxf3 32. gxf3 cxb4 33.
Rxb4 Ba5 34. Re4 Rxe4 35. Bxa5+ Kd6 36. fxe4 Kc5 37. Bb4+ Kc4 38. Bf8 g6 39.
Bg7 f5 40. exf5 gxf5 41. Kf3 c5 42. Bf8 Kd5 43. Bxc5 Kxc5 44. Kf4 a5 45. Kxf5
Kb5 46. e4 Ka4 47. e5 Kxa3 48. e6 a4 49. e7 Kb2 50. e8=Q a3 51. Qb5+ Kc2 52.
Qa4+ Kb2 53. Qxa3+ Kxa3 54. Kf6 Kb4 55. h4 Kc5 56. h5 Kd6 57. h6 Kd7 58. Kg7
Ke7 59. Kxh7 Kf7 60. Kh8 Kf8 61. Kh7 Kf7 62. Kh8 Kf8 1/2-1/2

[Event "NAYCC U14"]
[Site "Windsor CAN"]
[Date "2016.08.08"]
[Round "2.71"]
[White "Rama, Vikas"]
[Black "Cui, Kevin"]
[Result "1/2-1/2"]
[WhiteElo "1627"]
[BlackElo "1204"]
[PlyCount "73"]
[EventDate "2016.08.07"]
[EventType "swiss"]
[EventRounds "9"]
[EventCountry "CAN"]

1. c4 e5 2. Nc3 Nf6 3. g3 Bc5 4. Bg2 Nc6 5. e3 d6 6. a3 a6 7. b4 Bb6 8. Nge2
Be6 9. d3 Rb8 10. Qb3 O-O 11. O-O Qd7 12. Nd5 Bh3 13. Nxf6+ gxf6 14. f4 Bxg2
15. Kxg2 h5 16. h3 Qe7 17. f5 Kh7 18. Qd1 Rg8 19. Ng1 Rg5 20. h4 Rg4 21. Nf3
Rbg8 22. Nh2 Rxh4 23. Rh1 e4 24. Ng4 Rxh1 25. Qxh1 Rg5 26. Bb2 exd3 27. Nxf6+
Kh6 28. Qh4 Qxe3 29. Ng8+ Rxg8 30. Qf6+ Kh7 31. Qxf7+ Kh6 32. Qxg8 Qf2+ 33. Kh1
Qf3+ 34. Kh2 Qf2+ 35. Kh3 Qxf5+ 36. Kh4 Qe4+ 37. Kh3 1/2-1/2

[Event "NAYCC U14"]
[Site "Windsor CAN"]
[Date "2016.08.08"]
[Round "2.72"]
[White "Butchart, Brian"]
[Black "Liu, Daniel"]
[Result "0-1"]
[WhiteElo "1177"]
[BlackElo "1609"]
[PlyCount "52"]
[EventDate "2016.08.07"]
[EventType "swiss"]
[EventRounds "9"]
[EventCountry "CAN"]

1. e4 c5 2. Nc3 d6 3. g3 g6 4. Bg2 Bg7 5. d3 Nc6 6. Be3 e6 7. Nge2 Nge7 8. Qd2
O-O 9. h4 Ne5 10. f3 h5 11. Rf1 b6 12. Nd1 d5 13. Nf2 f5 14. Bg5 Bb7 15. Bh1
Qd7 16. f4 Nf7 17. e5 Nxg5 18. hxg5 d4 19. b4 Bxh1 20. Rxh1 Rfc8 21. Kd1 Nd5
22. a3 cxb4 23. axb4 Ne3+ 24. Ke1 Rxc2 25. Qxc2 Nxc2+ 26. Kd2 Nxa1 0-1

[Event "NAYCC U14"]
[Site "Windsor CAN"]
[Date "2016.08.08"]
[Round "2.73"]
[White "Sivapathasundaram, Manojh"]
[Black "Titus, Joshua"]
[Result "1-0"]
[WhiteElo "1552"]
[BlackElo "1155"]
[PlyCount "107"]
[EventDate "2016.08.07"]
[EventType "swiss"]
[EventRounds "9"]
[EventCountry "CAN"]

1. d4 d5 2. c4 e6 3. Nc3 Nf6 4. Nf3 Be7 5. e3 O-O 6. Bd3 c5 7. O-O Nc6 8. Re1
Qd6 9. b3 Rd8 10. Ba3 b6 11. cxd5 Nxd5 12. dxc5 bxc5 13. Nxd5 Qxd5 14. Bc4 Qf5
15. Qb1 Qxb1 16. Raxb1 Nb4 17. Bxb4 cxb4 18. Rbd1 Bb7 19. Ne5 Bd5 20. Bxd5 Rxd5
21. Rxd5 exd5 22. Rd1 Rc8 23. Kf1 f6 24. Nf3 Rd8 25. Ke2 Kf7 26. Nd4 Rd7 27.
Nc6 Rc7 28. Nxe7 Kxe7 29. Rxd5 Rc2+ 30. Rd2 Rxd2+ 31. Kxd2 Kd6 32. Kd3 Kd5 33.
e4+ Kc5 34. f4 g6 35. e5 fxe5 36. fxe5 Kd5 37. e6 Kxe6 38. Kc4 a5 39. Kb5 Kd5
40. Kxa5 Kc5 41. Ka4 h5 42. h4 Kd4 43. Kxb4 Ke3 44. a4 Kf2 45. a5 Kxg2 46. a6
Kh3 47. a7 Kxh4 48. a8=Q g5 49. Kc3 g4 50. Kd2 Kh3 51. Ke2 h4 52. Kf1 g3 53.
Qe4 Kh2 54. Qg2# 1-0

[Event "NAYCC U14"]
[Site "Windsor CAN"]
[Date "2016.08.08"]
[Round "2.74"]
[White "Le, Collin"]
[Black "Li, Yang"]
[Result "1-0"]
[WhiteElo "1540"]
[BlackElo "1119"]
[PlyCount "65"]
[EventDate "2016.08.07"]
[EventType "swiss"]
[EventRounds "9"]
[EventCountry "CAN"]

1. e4 e5 2. Nf3 Nc6 3. Bb5 Nf6 4. O-O d6 5. Re1 Bd7 6. c3 Be7 7. d4 O-O 8. h3
Nxd4 9. Nxd4 exd4 10. Bxd7 Qxd7 11. cxd4 Rad8 12. Nc3 Rfe8 13. Bf4 a6 14. Rc1
Kh8 15. e5 dxe5 16. dxe5 Nd5 17. Nxd5 Qxd5 18. Qxd5 Rxd5 19. Rxc7 g5 20. Bg3
Bb4 21. Rec1 Re7 22. Rxe7 Bxe7 23. Rc7 f5 24. Rxe7 f4 25. Bxf4 gxf4 26. Kf1 b5
27. Ke2 Rc5 28. Re6 Rc2+ 29. Kf3 Rxb2 30. Rxa6 b4 31. e6 Kg8 32. Ra8+ Kg7 33.
e7 1-0

[Event "NAYCC U14"]
[Site "Windsor CAN"]
[Date "2016.08.08"]
[Round "2.75"]
[White "Atanasov, David"]
[Black "Liu, Benjamin"]
[Result "1-0"]
[WhiteElo "1518"]
[BlackElo "982"]
[PlyCount "81"]
[EventDate "2016.08.07"]
[EventType "swiss"]
[EventRounds "9"]
[EventCountry "CAN"]

1. d4 Nf6 2. c4 c5 3. d5 b5 4. cxb5 a6 5. b6 d6 6. e4 g6 7. Nc3 Bg7 8. Nf3 O-O
9. Bc4 Nbd7 10. O-O Nxb6 11. Be2 Bb7 12. Qb3 Qc7 13. a4 Nbd7 14. Nd2 Rfb8 15.
f4 Bxd5 16. Nxd5 Nxd5 17. Qxd5 Bxb2 18. Bxb2 Rxb2 19. Qxa8+ Kg7 20. Qd5 e6 21.
Qd3 Qb6 22. Nc4 Qa7 23. Nxb2 c4+ 24. Kh1 cxd3 25. Bxd3 Qd4 26. Rab1 Nc5 27.
Rfd1 Nxa4 28. Bc2 Qf2 29. Bxa4 Qxf4 30. Bc2 Qf2 31. Bd3 Qa7 32. Ra1 a5 33. Nc4
Qd4 34. Nxa5 h5 35. Rac1 Qe5 36. Nc4 Qf4 37. Rf1 Qh6 38. Nxd6 e5 39. Rxf7+ Kg8
40. Rc8+ Qf8 41. Rcxf8# 1-0

[Event "NAYCC U14"]
[Site "Windsor CAN"]
[Date "2016.08.08"]
[Round "2.76"]
[White "Periappuram, Jacob"]
[Black "Guan, Zi Yu"]
[Result "0-1"]
[WhiteElo "873"]
[BlackElo "1513"]
[PlyCount "81"]
[EventDate "2016.08.07"]
[EventType "swiss"]
[EventRounds "9"]
[EventCountry "CAN"]

1. e4 c5 2. Nf3 d6 3. Bc4 Nf6 4. Nc3 Nc6 5. a3 h6 6. h3 e5 7. d3 Be6 8. Ba2
Bxa2 9. Nxa2 d5 10. exd5 Qxd5 11. c4 Qd6 12. Nc3 O-O-O 13. Be3 Qxd3 14. Qxd3
Rxd3 15. O-O Be7 16. Na4 b6 17. Rab1 g5 18. Nc3 g4 19. hxg4 Nxg4 20. Rfe1 f5
21. Rbd1 Rxd1 22. Rxd1 e4 23. Nh2 Nxe3 24. fxe3 Bg5 25. Nf1 Na5 26. Rc1 Nxc4
27. Nxe4 Bxe3+ 28. Nxe3 Nxe3 29. Nd6+ Kd7 30. Nf7 Rg8 31. Kf2 Ng4+ 32. Ke2 Ke6
33. Rd1 Kxf7 34. Rd7+ Ke6 35. Rxa7 Ne5 36. Kf2 Nd3+ 37. Ke3 Nxb2 38. Ra6 Nc4+
39. Kd3 Kd5 40. Kc3 Rxg2 41. Rxb6 0-1

[Event "NAYCC U14"]
[Site "Windsor CAN"]
[Date "2016.08.08"]
[Round "2.77"]
[White "Mathews, Joshua"]
[Black "Eirew, Milo"]
[Result "1/2-1/2"]
[WhiteElo "1446"]
[BlackElo "819"]
[PlyCount "90"]
[EventDate "2016.08.07"]
[EventType "swiss"]
[EventRounds "9"]
[EventCountry "CAN"]

1. e4 e5 2. Nf3 Nc6 3. Bb5 d6 4. d4 Qe7 5. d5 a6 6. Bxc6+ bxc6 7. dxc6 a5 8.
O-O Nf6 9. Nc3 Ra6 10. Nd5 Qd8 11. Nxf6+ Qxf6 12. Qd5 a4 13. c4 Qe6 14. Qb5 Qg4
15. Qb8 Kd8 16. Ng5 Qh5 17. Qb5 Be7 18. Nf3 Qg6 19. Re1 h5 20. c5 dxc5 21. Nxe5
Qe6 22. Rd1+ Ke8 23. Nd7 Qxc6 24. Qxc6 Rxc6 25. Ne5 Re6 26. f4 Bf6 27. Rd5 Bxe5
28. Rxe5 Rxe5 29. fxe5 Bb7 30. Be3 c4 31. Rc1 Ba6 32. Rc3 Kd7 33. b3 cxb3 34.
axb3 a3 35. b4 Ra8 36. Rxa3 Bb7 37. Rxa8 Bxa8 38. Bd4 Bxe4 39. Kf2 Kc6 40. g3
Kb5 41. Bc5 c6 42. Ke3 Bd5 43. Kf4 Be6 44. Kg5 g6 45. Kf4 Bd5 1/2-1/2

[Event "NAYCC U14"]
[Site "Windsor CAN"]
[Date "2016.08.08"]
[Round "3.51"]
[White "Nakada, Akira"]
[Black "Titus, Andrew"]
[Result "1/2-1/2"]
[WhiteElo "1904"]
[BlackElo "2143"]
[PlyCount "142"]
[EventDate "2016.08.07"]
[EventType "swiss"]
[EventRounds "9"]
[EventCountry "CAN"]

1. d4 d5 2. c4 e6 3. Nc3 Nf6 4. Bg5 Be7 5. e3 O-O 6. Nf3 h6 7. Bh4 b6 8. Bd3
Bb7 9. O-O Nbd7 10. Bg3 c5 11. cxd5 exd5 12. Qe2 Ne4 13. Rfd1 Nxc3 14. bxc3 Nf6
15. c4 cxd4 16. Nxd4 Bc5 17. Nf5 Qc8 18. Qb2 dxc4 19. Nxh6+ Kh8 20. Be2 Qe6 21.
Be5 Be7 22. Rd4 gxh6 23. Rf4 Kg7 24. Bxc4 Qc6 25. Rg4+ Kh7 26. Bd3+ Kh8 27. Be4
Qe6 28. Bxb7 Qxg4 29. Bxf6+ Bxf6 30. Qxf6+ Qg7 31. Qxg7+ Kxg7 32. Bxa8 Rxa8 33.
Rd1 Rc8 34. g3 Rc2 35. a4 Rc4 36. a5 bxa5 37. Rd7 a4 38. Rxa7 Rb4 39. Kg2 Kg6
40. Kf3 Rc4 41. g4 Kg7 42. Kg3 Rb4 43. h4 Rc4 44. h5 Rb4 45. f4 Rb3 46. Kf3 a3
47. g5 hxg5 48. fxg5 Rb5 49. Kf4 Rb1 50. Rxa3 Rf1+ 51. Ke4 Rh1 52. h6+ Kg6 53.
Ra5 Rh4+ 54. Kd3 Rh5 55. e4 f6 56. Kd4 Rxg5 57. Rxg5+ fxg5 58. e5 Kxh6 59. Kd5
Kg7 60. Kd6 g4 61. e6 g3 62. e7 g2 63. e8=Q g1=Q 64. Qe5+ Kg8 65. Qe6+ Kg7 66.
Qe7+ Kg8 67. Qe6+ Kh7 68. Qh3+ Kg7 69. Qc3+ Kh7 70. Qd3+ Qg6+ 71. Qxg6+ Kxg6
1/2-1/2